书目信息 |
| 题名: |
新中国重大疫病防控中的政府协同及实现机制研究
|
|
| 作者: | 王冠中 著 | |
| 分册: | ||
| 出版信息: | 北京 人民出版社 2019.03 |
|
| 页数: | 292页 | |
| 开本: | 24cm | |
| 丛书名: | ||
| 单 册: | ||
| 中图分类: | R184 | |
| 科图分类: | ||
| 主题词: | 行政干预--xing zheng gan yu--防疫--卫生--管理--研究--中国 | |
| 电子资源: | ||
| ISBN: | 978-7-01-020077-4 | |
| 000 | 01037nam0 2200241 450 | |
| 001 | 2038496412 | |
| 005 | 20201105104145.10 | |
| 010 | @a978-7-01-020077-4@dCNY58.00 | |
| 100 | @a20190320d2019 em y0chiy50 ea | |
| 101 | 0 | @achi |
| 102 | @aCN@b110000 | |
| 105 | @aak a 000yy | |
| 200 | 1 | @a新中国重大疫病防控中的政府协同及实现机制研究@Axin zhong guo zhong da yi bing fang kong zhong de zheng fu xie tong ji shi xian ji zhi yan jiu@f王冠中著 |
| 210 | @a北京@c人民出版社@d2019.03 | |
| 215 | @a292页@c图@d24cm | |
| 314 | @a王冠中, 首都师范大学政法学院副教授, 副院长, 法学博士, 硕士生导师。 | |
| 320 | @a有书目 (第281-290页) | |
| 330 | @a本书是一部研究政府协同应对重大疫情的专著, 其意义在理论上, 加强对疫病防控的政治分析, 有利于拓展政治学的学科边界, 改变该学科对现实政治社会问题解释乏力的现状, 在服务现实中扩大政治学的学科话语权。 | |
| 606 | 0 | @a行政干预@Axing zheng gan yu@x防疫@x卫生@x管理@x研究@y中国 |
| 690 | @aR184@v5 | |
| 701 | 0 | @a王冠中@Awang guan zhong@4著 |
| 801 | 0 | @aCN@b人天书店@c20200927 |
| 905 | @aZUCC@dR184@eW199 | |
| 新中国重大疫病防控中的政府协同及实现机制研究/王冠中著.-北京:人民出版社,2019.03 |
| 292页:图;24cm |
| ISBN 978-7-01-020077-4:CNY58.00 |
| 本书是一部研究政府协同应对重大疫情的专著, 其意义在理论上, 加强对疫病防控的政治分析, 有利于拓展政治学的学科边界, 改变该学科对现实政治社会问题解释乏力的现状, 在服务现实中扩大政治学的学科话语权。 |
| ● |
| 相关链接 |
|
|
|
正题名:新中国重大疫病防控中的政府协同及实现机制
索取号:R184/W199
 
预约/预借
| 序号 | 登录号 | 条形码 | 馆藏地/架位号 | 状态 | 备注 |
| 1 | 1478685 | 214786855 | 自科库401/401自科库 8排2列3层/ [索取号:R184/W199] | 在馆 | |
| 2 | 1478686 | 214786864 | 自科库401/401自科库 8排2列3层/ [索取号:R184/W199] | 在馆 |